000 00622cam a2200229 4500
008 090401t1995 xxu||||| |||| 00| 0 eng d
020 _a1860810187
035 _a(Sirsi) u58752
041 _aeng
050 _a690
110 _aBuilding Research Establishment
245 _aWind actions on buildings and structures.
260 _aGarston, Watford
_bBuilding Research Establishment
_c1995
300 _a8p. : ill. ; 30cm.
350 _a0
490 _aBRE Digest
_v406
650 _aWIND DAMAGE
650 _aWIND LOADS
690 _aBUILT ENVIRONMENT-BUILDING PATHOLOGY
942 _n0
948 _c04/03/1997
999 _c94096
_d94096